|
|
|
|
| LEADER |
01827cam a2200493 a 4500 |
| 001 |
nkc20112257596 |
| 003 |
CZ PrNK |
| 005 |
20130404110026.0 |
| 007 |
ta |
| 008 |
111111s2011 xr e f 000 0 cze d |
| 015 |
|
|
|a cnb002257596
|
| 020 |
|
|
|a 978-80-7349-285-4
|q (váz.)
|
| 035 |
|
|
|a (OCoLC)780138485
|
| 040 |
|
|
|a KLG001
|b cze
|d ABA001
|
| 041 |
1 |
|
|a cze
|h eng
|
| 072 |
|
7 |
|a 658
|x Řízení a správa podniku
|2 Konspekt
|9 4
|
| 080 |
|
|
|a 658
|2 MRF
|
| 080 |
|
|
|a 658:17.024.4
|2 MRF
|
| 080 |
|
|
|a 336.7:17.024.4
|2 MRF
|
| 080 |
|
|
|a 339.187.42
|2 MRF
|
| 080 |
|
|
|a (0.062)
|2 MRF
|
| 100 |
1 |
|
|a Kiyosaki, Robert T.,
|d 1947-
|7 jn20020717679
|4 aut
|
| 245 |
1 |
0 |
|a Byznys pro 21. století /
|c Robert T. Kiyosaki ; spolupracovali John Fleming a Kim Kiyosaki ; [z anglického originálu ... přeložila Jaroslava Kočová]
|
| 260 |
|
|
|a Praha :
|b Pragma,
|c c2011
|
| 300 |
|
|
|a 180 s. ;
|c 22 cm
|
| 650 |
0 |
7 |
|a podnikání
|7 ph115766
|2 czenas
|
| 650 |
0 |
7 |
|a úspěch v podnikání
|7 ph286292
|2 czenas
|
| 650 |
0 |
7 |
|a finanční úspěch
|7 ph120243
|2 czenas
|
| 650 |
0 |
7 |
|a síťový marketing
|7 ph126397
|2 czenas
|
| 650 |
0 |
9 |
|a business
|2 eczenas
|
| 650 |
0 |
9 |
|a success in business
|2 eczenas
|
| 650 |
0 |
9 |
|a financial success
|2 eczenas
|
| 650 |
0 |
9 |
|a multilevel marketing
|2 eczenas
|
| 655 |
|
7 |
|a populárně-naučné publikace
|7 fd131864
|2 czenas
|
| 655 |
|
9 |
|a popular works
|2 eczenas
|
| 700 |
1 |
|
|a Fleming, John
|7 kv2011671271
|4 aut
|
| 700 |
1 |
|
|a Kiyosaki, Kim
|7 xx0072767
|4 aut
|
| 765 |
0 |
|
|t Business of the 21st century
|9 Česky
|
| 910 |
2 |
|
|a BOA001
|b 2-1288.639
|
| 990 |
|
|
|a BK
|
| 995 |
|
|
|a 01
|
| 991 |
|
|
|b 201208
|c NOV
|e n
|
| 996 |
6 |
|
|b 2610519356
|c 2-1288.639
|l MZK
|r Sklad / do 1 hodiny
|n 8
|p p.v.
|w 001272934
|u 000010
|a 1
|e BOA001
|j MZK50
|s P
|
| 996 |
7 |
|
|b 2610520980
|c 2-1288.639
|l Vol.výběr
|r VV 1p
|n 49
|p kup
|h 658 KIY
|w 001272934
|u 000020
|a 0
|e BOA001
|j MZK50
|s A
|